| 000 | 00789nam a2200145Ia 4500 | ||
|---|---|---|---|
| 008 | 210324s9999||||xx |||||||||||||| ||und|| | ||
| 040 | _cSTCPL | ||
| 041 | _hMAL | ||
| 082 |
_a894.812 2 _bRAJ-M |
||
| 245 | 0 |
_aMalayala sakunthalam _hമലയാളശാകുന്തളം |
|
| 260 |
_aKottayam _bSahitya Pravarthaka Co-Operative Society Ltd., _c1969 |
||
| 300 | _a174 | ||
| 650 | _aGeneralकबीर बानी, सूर माधूरी, तुलसीदास, तथ्य वचन, खानखान अब्दुरहीम रहीम, रहीम के दोहे, सूक्तियाँ, निज भाषा उन्नती, छ्वज वन्दना, खडंकर के प्रति, श्रध्दाज्ञली | ||
| 942 | _cBK | ||
| 999 |
_c15763 _d15763 |
||